000 00341nam a2200157Ia 4500
003 OSt
005 20231220095721.0
008 170524s9999 xx 000 0 und d
020 _a8120317106
040 _cIIMT
100 _aPandya Raj
245 0 _aMobile and Personal Communication
260 _bPHI
260 _c2004
942 _2ddc
_c02
999 _c5104
_d5104